| 000 | 00579nam a2200205Ia 4500 | ||
|---|---|---|---|
| 005 | 20250701164521.0 | ||
| 008 | 008 250505s9999 xx 000 0 eng d | ||
| 037 | _aTextual | ||
| 040 |
_aEASL _beng _cEASL |
||
| 041 |
_aeng _2eng |
||
| 084 |
_aV73:19(zB).4.N6, K8 _qEASL |
||
| 100 | _aGreene Fred | ||
| 245 | 0 | _aU.S. polivy and the security of Asia | |
| 260 |
_aUSA _bNew York Mcgraw Hill _c1968 |
||
| 300 | _a429p. | ||
| 365 | _b9.95 | ||
| 490 | _aUS and China in world affairs | ||
| 942 |
_cTEXL _hV73:19(zB).4.N6, K8 |
||
| 999 |
_c1433340 _d1433340 |
||